Himno primaveral al papa Juan / (Record no. 68943)

MARC details
000 -LEADER
campo de control de longitud fija 00610nam a2200181 i 4500
001 - NÚMERO DE CONTROL
campo de control 68943
003 - IDENTIFICADOR DE NÚMERO DE CONTROL
campo de control ES-MaACL
005 - FECHA Y HORA DE LA ÚLTIMA TRANSACCIÓN
campo de control 20240417111737.0
007 - CAMPO FIJO DE DESCRIPCIÓN FÍSICA--INFORMACIÓN GENERAL
campo de control de longitud fija t|
008 - DATOS DE LONGITUD FIJA--INFORMACIÓN GENERAL
campo de control de longitud fija 040813s1963 sp ||||1| spa d
245 00 - MENCIÓN DEL TÍTULO
Título Himno primaveral al papa Juan /
Mención de responsabilidad, etc. [edición literaria] Ricardo García Villoslada ; edición Angel Caffarena Sucb.
260 ## - PUBLICACIÓN, DISTRIBUCIÓN, ETC.
Lugar de publicación, distribución, etc. Málaga :
Nombre del editor, distribuidor, etc. Librería Anticuaria El Guadalhorce,
Fecha de publicación, distribución, etc. 1963.
300 ## - DESCRIPCIÓN FÍSICA
Extensión 31 p. ;
Dimensiones 17 cm.
700 1# - ENTRADA AGREGADA--NOMBRE PERSONAL
Nombre de persona García-Villoslada, Ricardo.
9 (RLIN) 55414
700 1# - ENTRADA AGREGADA--NOMBRE PERSONAL
Nombre de persona Caffarena, Ángel,
Fechas asociadas al nombre 1914-1998
9 (RLIN) 33414
852 ## - LOCALIZACIÓN
Ubicación ES-MaACL
Número de control de estantería 2033-F-18
Sublocalización o colección R.54138
Holdings
Estatus retirado Estado de pérdida Estado de daño No para préstamo Colección Biblioteca de origen Biblioteca actual Ubicación en estantería Fecha de adquisición Fuente de adquisición Total de préstamos Signatura topográfica completa Código de barras Visto por última vez Precio de reemplazo Tipo de ítem Koha
        Colección de folletos Biblioteca del Ateneo de Madrid Biblioteca del Ateneo de Madrid Depósito folletos 17/01/2008     2033-F-18 1072193 23/02/2023 23/02/2023 Folleto